000 00519nam a22001697a 4500
005 20231027072332.0
008 231027b |||||||| |||| 00| 0 eng d
020 _a0702113336
041 _aEnglish
082 _a348 WAR
100 _aWarner, PJ
_lEnglish
245 _aA Digest of South African Black Civil Case Law 1969-1979 /
_cPJ Warner
260 _aCape Town :
_bJuta & Company Ltd,
_c1983
300 _bv, 87 pages ;
_c25 cm.
650 _aLegal practice
_bLaw
942 _cBK
_6ALISON_BN_VRIES
999 _c104
_d104